000 00616nam a2200241Ia 4500
003 OSt
005 20221007094816.0
006 a|||||r|||| 00| 0
007 ta
008 221006b |||||||| |||| 00| 0 eng d
024 _a109
037 _cTextual
040 _aLCO
_cLCO
_beng
041 _2eng
_aeng
082 _aZ2,91, L5
100 _aSUBBARAO G.C.V
_9632028
245 0 _aJurisprudence and Legal Theory
260 _aLucknow
_bEastern Book Company
_c1995
300 _a340
650 _aJURISPRUDENCE
942 _hZ2,91, L5
_cTEXL
999 _c1169672
_d1169672